Top 10 Songs by King Crimson - Statistics

General Stats
  • This quiz has been taken 9 times
  • The average score is 5 of 10
Answer Stats
Hint Answer % Correct
1 21st Century Schizoid Man
100%
3 Epitaph
86%
5 Red
71%
2 In the Court of the Crimson King
57%
4 Starless
57%
7 Discipline
43%
10 Islands
29%
8 Lizard
14%
6 Larks' Tongues in Aspic, Part Two
0%
9 Thela Hun Ginjeet
0%
No matching quizzes found
Score Distribution
Percent of People with Each Score
Percentile by Number Answered
Your Score History
You have not taken this quiz